Countries That I Have Been To - Sudden Death - Statistics

General Stats
  • This quiz has been taken 13 times
  • The average score is 6 of 22
Answers on the Grid
Answers color-coded by a green-red scale on the quiz's grid according to % correct below.
Argentina
Armenia
Australia
Bahamas
Bangladesh
Belgium
Botswana
Brazil
Burundi
Cambodia
Canada
China
Croatia
Denmark
Ecuador
Egypt
Equatorial Guinea
Finland
France
Germany
Greece
Honduras
Hungary
India
Indonesia
Italy
Japan
Kenya
Laos
Luxembourg
Malaysia
Mauritius
Monaco
Mongolia
Morocco
Nepal
Netherlands
New Zealand
North Korea
Norway
Papua New Guinea
Philippines
Poland
Saudi Arabia
Seychelles
Singapore
South Korea
Spain
Sri Lanka
Sweden
Switzerland
Taiwan
Thailand
Uganda
United Arab Emirates
United Kingdom
United States
Vatican City
Vietnam
 
Answer Stats
Answer % Correct
Belgium
44%
France
44%
Australia
33%
China
33%
Denmark
33%
Germany
33%
Malaysia
33%
Netherlands
33%
United Kingdom
33%
Greece
22%
Indonesia
22%
Japan
22%
Mauritius
22%
Morocco
22%
Norway
22%
Philippines
22%
Singapore
22%
South Korea
22%
Thailand
22%
Vietnam
22%
Switzerland
11%
Taiwan
11%
No matching quizzes found
Score Distribution
Percent of People with Each Score
Percentile by Number Answered
Your Score History
You have not taken this quiz